Advanced Credit Risk Analysis and Management (Record no. 532761)

000 -LEADER
fixed length control field 00520nam a22001937a 4500
003 - CONTROL NUMBER IDENTIFIER
control field OSt
005 - DATE AND TIME OF LATEST TRANSACTION
control field 20191202154401.0
008 - FIXED-LENGTH DATA ELEMENTS--GENERAL INFORMATION
fixed length control field 150806b xxu||||| |||| 00| 0 eng d
020 ## - INTERNATIONAL STANDARD BOOK NUMBER
International Standard Book Number 9788126544257
038 ## - RECORD CONTENT LICENSOR
Staff Name MSOHAIL
040 ## - CATALOGING SOURCE
Transcribing agency 0
082 ## - DEWEY DECIMAL CLASSIFICATION NUMBER
Classification number 658.152
Author Mark JOS
100 ## - MAIN ENTRY--PERSONAL NAME
Personal name Ciby Joseph
9 (RLIN) 26332
245 ## - TITLE STATEMENT
Title Advanced Credit Risk Analysis and Management
Statement of responsibility, etc. Ciby Joseph
260 ## - PUBLICATION, DISTRIBUTION, ETC.
Place of publication, distribution, etc. India
Name of publisher, distributor, etc. Wiley
Date of publication, distribution, etc. 2014
300 ## - PHYSICAL DESCRIPTION
Extent 427 p.
Other physical details PB
440 ## - SERIES STATEMENT/ADDED ENTRY--TITLE
Title Advanced Credit Risk Analysis and Management
9 (RLIN) 26333
942 ## - ADDED ENTRY ELEMENTS (KOHA)
Source of classification or shelving scheme
Koha item type Book
Holdings
Withdrawn status Lost status Source of classification or shelving scheme Damaged status Not for loan Permanent Location Current Location Date acquired Total Checkouts Full call number Barcode Date last seen Price effective from Koha item type
          School of Civil and Environmental Engineering (SCEE) School of Civil and Environmental Engineering (SCEE) 12/02/2019   658.152 JOS NIT-12588 12/02/2019 12/02/2019 Book
© 2023 Central Library, National University of Sciences and Technology. All Rights Reserved.